00508nam a2200157 a 450000500170000000800410001702000180005805000230007610000180009924500360011726000320015330000130018565000130019899900190021195201200023020140412111428.0090627s19uu xx 00 eng d a0-439-91303-9 aTR(PS EbTe25 2006 aCabrera, Jane aTen in the bed /cJane Cabrera. aU.S.A :bScholastic,c2006. a1v. unp. aCounting c106292d106292 00104050aELbELcTRd2009-06-27eGiftg175.00l0oTR(PS E Te25 2006pE11550r2014-04-12 00:00:00w2014-04-12yBK